书目信息 |
| 题名: |
积分几何学引论
|
|
| 作者: | 任德麟 著 | |
| 分册: | ||
| 出版信息: | 上海 上海科学技术出版社 1988.7 |
|
| 页数: | 259页 | |
| 开本: | 20厘米 | |
| 丛书名: | ||
| 单 册: | ||
| 中图分类: | O186.5 | |
| 科图分类: | ||
| 主题词: | 积分几何--引论 | |
| 电子资源: | ||
| ISBN: | 7-5323-0323-3 | |
| 000 | 00646nam0 2200229 45 | |
| 001 | 0189009280 | |
| 005 | 20040629151351.9 | |
| 010 | @a7-5323-0323-3@dCNY3.50 | |
| 100 | @a19901121d1988 m y0chiy0120 ea | |
| 101 | 0 | @achi |
| 102 | @aCN@b310000 | |
| 105 | @ay z 000yy | |
| 106 | @ar | |
| 200 | 10 | @a积分几何学引论@Aji fen ji he xue yin lun@f任德麟著@Fren de lin zhu |
| 210 | @a上海@c上海科学技术出版社@d1988.7 | |
| 215 | @a259页@d20厘米 | |
| 540 | 1 | @a积分 几何学@Aji fen ji he xue |
| 606 | @a积分几何@x引论 | |
| 690 | @aO186.5@v1980 | |
| 701 | 0 | @a任德麟@Aren de lin@4著 |
| 801 | 0 | @aCN@bNLC@c19901121 |
| 905 | @dO186.5@e25@f1@b214288 | |
| 积分几何学引论/任德麟著.-上海:上海科学技术出版社,1988.7 |
| 259页;20厘米 |
| ISBN 7-5323-0323-3:CNY3.50 |
| ● |
| 相关链接 |
|
|
|
|
正题名:积分几何学引论
索取号:O186.5/25
 
预约/预借
| 序号 | 登录号 | 条形码 | 馆藏地/架位号 | 状态 | 备注 |
| 1 | 0214288 | 001935464 | 第三借阅区/ [索取号:O186.5/25] | 在馆 | |
| 2 | 0214292 | 000405886 | 第二样本阅览室/ [索取号:O186.5/25] | 在馆 | |
| 3 | 0241289 | 000405877 | 第三借阅区/ [索取号:O186.5/25] | 在馆 | |
| 4 | 0241290 | 000406064 | 第三借阅区/ [索取号:O186.5/25] | 在馆 | |
| 5 | 0241291 | 000405840 | 第三借阅区/ [索取号:O186.5/25] | 在馆 |